000 00557nam a2200169 a 4500
005 20210219160422.0
008 081107s1997 mx r 000 0 spa d
020 _a9687798246
035 _aUPN01000165325
049 _aUNE
080 _aOC 31: 378.4 (72) "1997" ANNu.
245 0 0 _aAnuario estadístico, 1997 :
_bpoblación escolar de licenciatura en universidades e institutos tecnológicos.
260 _aMéxico :
_bANUIES,
_c1997.
300 _a532 p. ;
_bil.
690 _aEnseñanza superior- Estadisticas educacionales- Mexico
905 _aUNESCO
999 _c137437
_d137437